| 000 | 00470nam a2200181Ia 4500 | ||
|---|---|---|---|
| 005 | 20250508162023.0 | ||
| 008 | 008 250505s9999 xx 000 0 eng d | ||
| 037 | _aTextual | ||
| 040 |
_aFEDL _beng _cFEDL |
||
| 041 |
_aeng _2eng |
||
| 084 |
_aF, TOL _qFEDL |
||
| 100 |
_aToltosy Lev _9772072 |
||
| 245 | 0 | _aAnna Karenina, Book 2 | |
| 260 |
_aMoscow _bProgress Publishers _c1978 |
||
| 300 | _a495p | ||
| 942 |
_cTEXL _hF, TOL |
||
| 999 |
_c1373874 _d1373874 |
||